| 000 | 00663nam a2200181Ia 4500 | ||
|---|---|---|---|
| 003 | GCL | ||
| 008 | 140319s9999 xx 000 0 ara d | ||
| 040 |
_aGCL / _cGCL |
||
| 082 | 0 | 4 |
_aم _b491.55 _bا م |
| 100 | 1 | _aابراهيم الدسوقى شتا | |
| 245 | 1 | 0 |
_aالمعجم الفارسى الكبير : _bفرهنك بزر ك فارسى ( فارسى - عربى ) / _cابراهيم الدسوقى شتا |
| 260 |
_aالقاهرة : _bمكتبة مدبولى ، _c1992 |
||
| 300 |
_aمتعدد ؛ _c28 سم |
||
| 650 | 0 | 4 | _aاللغة العربية |
| 650 | 0 | 4 | _aالمعاجم |
| 650 | 0 | 4 | _aاللغة الفارسية - معاجم |
| 942 |
_2ddc _cREF |
||
| 999 |
_c59230 _d59230 |
||